Rock Singers-Sudden Death! - Statistics

General Stats
  • This quiz has been taken 111 times
  • The average score is 6 of 14
Answers on the Grid
Answers color-coded by a green-red scale on the quiz's grid according to % correct below.
Vivian Campbell
Vinny Appice
Vince Neil
Tommy Lee
Tom Petty
Ted Nugent
Rudy Sarzo
Rick Savage
Randy Rhoads
Phil Anselmo
Ozzy Osbourne
Nikki Sixx
Malcolm Young
Kevin DuBrow
John Lennon
John Corabi
Joe Elliot
Jimmy Bain
George Harrison
Eddie Van Halen
Don Dokken
Dimebag Darrel
David Lee Roth
Dave Meniketti
Carlos Cavazo
Brian Johnson
Bon Scott
Alex Van Halen
 
Answer Stats
Answer % Correct
Ozzy Osbourne
82%
John Lennon
67%
David Lee Roth
64%
Brian Johnson
58%
Bon Scott
55%
Tom Petty
55%
Vince Neil
48%
Ted Nugent
45%
George Harrison
36%
Phil Anselmo
36%
Joe Elliot
33%
Don Dokken
27%
Kevin DuBrow
18%
John Corabi
12%
No matching quizzes found
Score Distribution
Percent of People with Each Score
Percentile by Number Answered
Your Score History
You have not taken this quiz